[Event "Nova Gorica op-A 26th"]
[Site "Nova Gorica"]
[Date "2022.09.20"]
[Round "7"]
[White "Goroshkova, Liudmila"]
[Black "Walker, Samuel A"]
[Result "1/2-1/2"]
[WhiteElo "1961"]
[BlackElo "2028"]
[PlyCount "80"]
[EventDate "2022.09.16"]
[EventType "swiss"]
[EventRounds "9"]
[EventCountry "SLO"]
[SourceTitle "CBM 210 Extra"]
[Source "ChessBase"]
[SourceDate "2022.11.30"]
[SourceVersion "1"]
[SourceVersionDate "2022.11.30"]
[SourceQuality "1"]

1. Nf3 c5 2. e4 Nc6 3. d4 cxd4 4. Nxd4 Nf6 5. Nc3 e5 6. Ndb5 d6 7. Bg5 a6 8. Na3 b5 9. Nd5 Be7 10. Bxf6 Bxf6 11. c3 0-0 12. Nc2 Rb8 13. Be2 Bg5 14. Nce3 Kh8 15. 0-0 g6 16. Qd3 a5 17. Rad1 Be6 18. Kh1 f5 19. f4 Bh6 20. exf5 gxf5 21. fxe5 Nxe5 22. Qd4 Bg7 23. Nf4 Bxa2 24. Nh5 Be6 25. Qxd6 Qxd6 26. Rxd6 Bc4 27. Bxc4 Nxc4 28. Nxc4 bxc4 29. Nxg7 Kxg7 30. Rf2 Rfd8 31. Rxd8 Rxd8 32. h3 Kg6 33. Kh2 Kg5 34. h4+ Kg6 35. Rf4 Rd2 36. Rxc4 Rxb2 37. Rc5 a4 38. Ra5 Ra2 39. c4 a3 40. c5 Rc2 1/2-1/2

[Event "Keres Memorial rap 31st"]
[Site "Tallinn"]
[Date "2022.09.10"]
[Round "2"]
[White "Nyback, Tomi"]
[Black "Walker, Samuel A"]
[Result "1-0"]
[WhiteElo "2566"]
[BlackElo "2028"]
[PlyCount "85"]
[EventDate "2022.09.10"]
[EventType "swiss (rapid)"]
[EventRounds "11"]
[EventCountry "EST"]
[SourceTitle "CBM 210 Extra"]
[Source "ChessBase"]
[SourceDate "2022.11.30"]
[SourceVersion "1"]
[SourceVersionDate "2022.11.30"]
[SourceQuality "1"]

1. d4 Nf6 2. c4 g6 3. Nc3 d5 4. cxd5 Nxd5 5. e4 Nxc3 6. bxc3 Bg7 7. Bg5 c5 8. Rc1 0-0 9. Nf3 Qa5 10. Qd2 cxd4 11. cxd4 Qxd2+ 12. Kxd2 Bg4 13. d5 Nd7 14. h3 Bxf3 15. gxf3 Rfc8 16. Bb5 Bf6 17. Be3 Ne5 18. f4 Nf3+ 19. Kd3 Rd8 20. Rc7 e6 21. Bc4 b5 22. Bb3 a5 23. a3 b4 24. a4 g5 25. fxg5 Be5 26. Rcc1 Kg7 27. Rhd1 exd5 28. Bxd5 Rac8 29. Rxc8 Rxc8 30. Ke2 Nh4 31. f4 Bc3 32. f5 Be5 33. Bb3 Rc3 34. Rd3 Ng2 35. Rxc3 bxc3 36. Bc1 Nf4+ 37. Kf3 Nd3 38. Be3 f6 39. gxf6+ Kxf6 40. Ke2 Nb4 41. Kd1 Nd3 42. Bb6 Nf2+ 43. Bxf2 1-0

[Event "BCF-chT3 0708 (4NCL)"]
[Site "Sunningdale"]
[Date "2008.01.13"]
[Round "6.6"]
[White "Williamson, Kevin J"]
[Black "Walker, Samuel A"]
[Result "1-0"]
[WhiteElo "2037"]
[BlackElo "1990"]
[PlyCount "58"]
[EventDate "2007.09.15"]
[EventType "team-tourn"]
[EventRounds "11"]
[EventCountry "ENG"]
[SourceTitle "EXT 2023"]
[Source "ChessBase"]
[SourceDate "2022.10.05"]
[SourceVersion "1"]
[SourceVersionDate "2022.10.05"]
[SourceQuality "1"]
[WhiteTeam "FCA Solutions"]
[BlackTeam "Slough Sharks III"]
[WhiteTeamCountry "ENG"]
[BlackTeamCountry "ENG"]

1. d4 Nf6 2. Nc3 d5 3. Bg5 Ne4 4. Nxe4 dxe4 5. e3 g6 6. Bc4 Bg7 7. Ne2 c5 8. c3 cxd4 9. exd4 Qa5 10. Bf4 Nc6 11. 0-0 0-0 12. Ng3 Bf5 13. Re1 e5 14. Nxf5 gxf5 15. dxe5 Nxe5 16. Bxe5 Bxe5 17. Qh5 Rac8 18. Bb3 Rc6 19. Rad1 Rg6 20. Rd5 Qc7 21. Red1 Bd6 22. Rxf5 e3 23. fxe3 Qb6 24. Qf3 Rg7 25. Rf6 Rd8 26. Rdxd6 Rxd6 27. Rxf7 h6 28. Rxb7+ Kh7 29. Rxb6 Rxb6 1-0